LEADER 01034nam a2200289 i 4500 001 991002864849707536 005 20020509104301.0 008 000605s1997 uk ||| | eng 035 $ab11073056-39ule_inst 035 $aPARLA170630$9ExL 040 $aDip.to Scienze pedagogiche$bita 082 0 $a302.23092 100 1 $aMcLuhan, Eric$0143814 245 10$aEssential McLuhan /$cedited by Eric McLuhan and Frank Zingrone 260 $aNew Fetter Lane, London :$bRoutledge,$c1997 300 $a407 p. :$bill. ;$c24 cm. 500 $aInclude bibliografi (p. 397-401). 650 4$aMass media$xAspetti sociali 650 4$aMass media$xFilosofia 650 4$aMcLuhan, Marshall, 1911- 700 1 $aZingrone, Frank 907 $a.b11073056$b21-09-06$c28-06-02 912 $a991002864849707536 945 $aLE022 302 MCL01.01$g1$i2022000014694$lle022$o-$pE0.00$q-$rl$s- $t0$u1$v0$w1$x0$y.i11202026$z28-06-02 996 $aEssential McLuhan$9860352 997 $aUNISALENTO 998 $ale022$b01-01-00$cm$da $e-$feng$guk $h0$i1 LEADER 01824nam 22005053a 450 001 9910346672903321 005 20250203235435.0 010 $a9783038975281 010 $a3038975281 024 8 $a10.3390/books978-3-03897-528-1 035 $a(CKB)4920000000094938 035 $a(oapen)https://directory.doabooks.org/handle/20.500.12854/58480 035 $a(ScCtBLL)32bc0069-6d6b-431e-bf49-a00f1769b98e 035 $a(OCoLC)1163837055 035 $a(oapen)doab58480 035 $a(EXLCZ)994920000000094938 100 $a20250203i20192019 uu 101 0 $aeng 135 $aurmn|---annan 181 $ctxt$2rdacontent 182 $cc$2rdamedia 183 $acr$2rdacarrier 200 00$aRietveld Refinement in the Characterization of Crystalline Materials$fIgor Djerdj 210 $cMDPI - Multidisciplinary Digital Publishing Institute$d2019 210 1$aBasel, Switzerland :$cMDPI,$d2019. 215 $a1 electronic resource (88 p.) 311 08$a9783038975274 311 08$a3038975273 330 $aThis Special Issue serves as a crystallographic forum covering various aspects of material science that have in common the use of the powerful Rietveld method in the analysis of the powder XRD patterns of investigated compounds. 606 $aChemistry$2bicssc 610 $aRietveld method 610 $aStructural characterization 610 $aMicrostructural analysis 610 $aCrystalline materials 610 $aStructural materials 610 $aX-ray and neutron diffraction 610 $aFunctional materials 615 7$aChemistry 700 $aDjerdj$b Igor$01786235 801 0$bScCtBLL 801 1$bScCtBLL 906 $aBOOK 912 $a9910346672903321 996 $aRietveld Refinement in the Characterization of Crystalline Materials$94317651 997 $aUNINA